Biodiversidad en el laberinto de la comunicación / (Registro nro. 18738)

Detalles MARC
000 -CABECERA
Campo de control 01189nam a2200277 u 4500
005 - FECHA Y HORA DE LA ULTIMA TRANSACCION
Campo de control 20191224042300.0
008 - ELEMENTOS DE LONGITUD FIJA—INFORMACION GENERAL
Campo de control 160525b2014 ck a||||r|||| 00| 0 spa d
040 ## - FUENTE DE CATALOGACIÓN
Agencia catalogadora original CO-BoIAVH
Agencia transcriptora CO-BoIAVH
041 0# - IDIOMA
Código de idioma para texto/pista de sonido o título separado Español
044 ## - PAÍS DE PUBLICACIÓN
País de publicación Colombia
082 04 - NUMERO DE CLASIFICACION DECIMAL DEWEY
Número de clasificación 333.95014
Número del ítem M35b
100 1# - ASIENTO PRINCIPAL--NOMBRE PERSONAL
9 (RLIN) 70281
Nombre personal Marín C., Martha
Término relacionado autora
245 10 - MENCION DE TITULO
Título Biodiversidad en el laberinto de la comunicación /
Mención de responsabilidad Martha Marín C., Brigitte Baptiste y Germán I. Andrade
260 ## - PUBLICACION, DISTRIBUCION, ETC. (PIE DE IMPRENTA)
Lugar de publicación, distribución, etc. [Bogotá?] :
Nombre del editor, distribuidor, etc. Instituto de Investigación de Recursos Biológicos Alexander von Humboldt,
Fecha de publicación, distribución, etc. 2014.
300 ## - DESCRIPCION FISICA
Extensión 16 páginas aproximadamente sin numerar :
Otros detalles físicos ilustraciones a color ;
Dimensiones 21 x 21 cm.
504 ## - NOTA DE BIBLIOGRAFIA, ETC.
Nota de bibliografía Incluye referencias bibliográficas.
505 0# - NOTA DE CONTENIDO
Nota de contenido 1. "BioDiversidad"
505 0# - NOTA DE CONTENIDO
Nota de contenido 2. Bosquejo del campo Comunicación/Biodiversidad.
505 0# - NOTA DE CONTENIDO
Nota de contenido 3. Objetivos de la comunicación frente a los devenires de la Biodiversidad,
650 16 - ASIENTO SECUNDARIO DE MATERIA - TERMINO TEMATICO
Término temático o nombre geográfico como elemento de entrada Biodiversidad
Subdivisión general comunicación
9 (RLIN) 70287
650 26 - ASIENTO SECUNDARIO DE MATERIA - TERMINO TEMATICO
Término temático o nombre geográfico como elemento de entrada Biodiversidad
Subdivisión general Aspectos sociales
9 (RLIN) 70288
650 26 - ASIENTO SECUNDARIO DE MATERIA - TERMINO TEMATICO
Término temático o nombre geográfico como elemento de entrada Ciencias biológicas
Subdivisión general comunicación
9 (RLIN) 70289
700 1# - ASIENTO SECUNDARIO - NOMBRE PERSONAL
Nombre personal Baptiste-Ballera, Brigitte L. G.
Término de relación autora
9 (RLIN) 2510
700 1# - ASIENTO SECUNDARIO - NOMBRE PERSONAL
Nombre personal Andrade, Germán I.
Término de relación autor
9 (RLIN) 100325
942 ## - ELEMENTOS ADICIONALES (KOHA)
Sistema de clasificación Dewey Decimal Classification
Tipo de ítem Libro
Existencias
Withdrawn status Lost status Sistema de Clasificación Damaged status No para préstamo Colección Inventariado Ubicación Permanente Ubicación actual Fecha de adquisición Fuente de Valor Valor Total Checkouts Número topográfico Inventario / Código de Barras Date last seen Ejemplar Price effective from Forma de adquisición Tipo de material
    Dewey Decimal Classification     Humboldt Inventariado 2017 Bogotá Bogotá 25/05/2016 Instituto 30000.00   IAVH-333.95014 M35b 030334 25/05/2016 Ej. 1 25/05/2016 Institucional Libro
    Dewey Decimal Classification     Humboldt Inventariado 2018 Bogotá Bogotá 19/09/2018       IAVH-333.95014 M35b 030335 19/09/2018 Ej. 2 19/09/2018 Institucional Libro
    Dewey Decimal Classification     Humboldt   Bogotá Bogotá 28/01/2020       IAVH-333.95014 M35b 043486 28/01/2020 Ej. 4 28/01/2020 Institucional Libro
    Dewey Decimal Classification     Humboldt Inventariado 2018 Sala Fabio Quevedo Sala Fabio Quevedo 19/09/2018       IAVH-333.95014 M35b 030336 19/09/2018 Ej. 3 19/09/2018 Institucional Libro